Detalles MARC
| 000 -LIDER |
| fixed length control field |
02251nam a2200397 a 4500 |
| 001 - NÚMERO DE CONTROL |
| Identificador de número de control |
00003831 |
| 003 - IDENTIFICACDOR DE NÚMERO DE CONTROL |
| control field |
DO-SdBNP |
| 005 - DATE AND TIME OF LATEST TRANSACTION |
| control field |
20180309134808.0 |
| 007 - CAMPOS FIJOS DE DESCRIPCIÓN FÍSICA |
| fixed length control field |
00003831 |
| 008 - ELEMENTOS DE LONGITUD FIJA |
| fixed length control field |
091118s2014 dr abc 000 0 spa d |
| 020 ## - ISBN |
| International Standard Book Number |
9789945118414 |
| 040 ## - FUENTE DE CATALOGACIÓN |
| Agencia que crea de manera original el registro |
BPMSU |
| Idioma de catalogación |
spa |
| Agencia que realiza la transcripción |
BPMSU |
| 092 ## - LOCALLY ASSIGNED DEWEY DECIMAL CALL NUMBER |
| Número de clasificación |
373.83 |
| Número de ítem (Cutter) |
S678h 3ro. 2014 |
| 245 00 - MENCIÓN DE TITULO |
| Título |
Sociedad 3 ; historia y geografía de la República Dominicana : |
| Subtítulo |
educación media / |
| Mención de responsabilidad |
Eladio Antonio Robles Florentino... [et al.] ; editores Fanny Capellán Almonte, Eric Castro Ricart ; dirección editorial Obdulia García de Escobar y Claudia Llibre |
| 260 ## - PUBLICACIÓN, DISTRIBUCIÓN, ETC. (PIE DE IMPRENTA) |
| Lugar de publicación, distribución, etc |
Santo Domingo : |
| Nombre del editor, distribuidor, etc. |
Santillana, |
| Fecha de publicación, distribución, etc |
2014. |
| 300 ## - DESCRIPCIÓN FÍSICA |
| Extensión |
295 p. : |
| Otros detalles físicos |
il., mapas., retrs. ; |
| Dimensiones |
28 cm. |
| 490 1# - MENCIÓN DE SERIES |
| Mención de serie |
Innova |
| 500 ## - NOTA GENERAL |
| Nota general |
Educación média /1er. grado/2do. ciclo / Tercer de bachillerato |
| 505 0# - NOTA DE CONTENIDO |
| Título |
Bloque 1. |
| -- |
1. Época colonial --2.La división de la isla --3.Reconquista y España Boba -- |
| -- |
Bloque 2. |
| -- |
4. Independencia Nacional -- 5.Anexión y guerra restauradora -- |
| -- |
Bloque 3. |
| -- |
6.La segunda República -- 7. Los gobiernos azules -- |
| -- |
Bloque 4. |
| -- |
8. La intervención norteamericana -- 9. La dictadura de Trujillo -- |
| -- |
Bloque 5. |
| -- |
10. Evolución socioeconómica -- 11. Organización del espacio dominicano. 12 Sociologia y Antropología. |
| -- |
Bloque 6. |
| -- |
13.Localizacion y territorio del país y la isla -- 14.Geología de la isla de la Española -- 15. El relieve de la Española -- 16.Hidrografía de la Española -- 17.El clima de la Española -- 18.Los suelos dominicanos -- 19. Las áreas protegídas |
| 650 #4 - ENCABEZAMIENTO DE MATERIA--TEMÁTICO |
| Término temático o nombre geográfico como elemento de entrada |
CIENCIAS SOCIALES |
| Subdivisión temática general |
ENSEÑANZA SECUNDARIA |
| 650 #4 - ENCABEZAMIENTO DE MATERIA--TEMÁTICO |
| Término temático o nombre geográfico como elemento de entrada |
CIENCIAS SOCIALES |
| Subdivisión temática general |
ESTUDIOS Y EJERCICIOS |
| 650 #4 - ENCABEZAMIENTO DE MATERIA--TEMÁTICO |
| Término temático o nombre geográfico como elemento de entrada |
CIENCIAS SOCIALES |
| Subdivisión temática general |
LIBROS DE TEXTOS |
| 650 #4 - ENCABEZAMIENTO DE MATERIA--TEMÁTICO |
| Término temático o nombre geográfico como elemento de entrada |
EDUCACIÓN SECUNDARIA |
| Subdivisión geográfica |
REPÚBLICA DOMINICANA |
| 650 #4 - ENCABEZAMIENTO DE MATERIA--TEMÁTICO |
| Término temático o nombre geográfico como elemento de entrada |
CIENCIAS SOCIALES |
| Subdivisión temática general |
EDUCACIÓN SECUNDARIA |
| 700 12 - ASIENTO SECUNDARIO -- NOMBRE PERSONAL |
| Nombre personal |
Robles Florentino, Eladio Antonio |
| 700 12 - ASIENTO SECUNDARIO -- NOMBRE PERSONAL |
| Nombre personal |
Almonte Ysiano, Ana Iris |
| 700 12 - ASIENTO SECUNDARIO -- NOMBRE PERSONAL |
| Nombre personal |
Castro Ricart, Eric |
| 700 12 - ASIENTO SECUNDARIO -- NOMBRE PERSONAL |
| Nombre personal |
Lafontaine, Ana Luisa |
| 700 12 - ASIENTO SECUNDARIO -- NOMBRE PERSONAL |
| Nombre personal |
Capellán Almonte, Fanny |
| 830 #0 - ASIENTO SECUNDARIO DE SERIE--TÍTULO UNIFORME |
| Título uniforme |
Innova |
| 910 ## - VALIDACIÓN |
| Validación |
Validado. Control de calidad MFF |
| 942 ## - ADDED ENTRY ELEMENTS (KOHA) |
| Source of classification or shelving scheme |
Dewey Decimal Classification |
| Koha item type |
Libros |
| 945 ## - INFORMACIÓN DE PROCESAMIENTO LOCAL |
| Información de procesamiento local |
Remanejado para la BNPHU / 2018 BT |
| 956 ## - LOCAL ELECTRONIC LOCATION AND ACCESS (OCLC) |
| Nombre de host |
VMATEO |
| Número de acceso |
10 |
| Información de compresión |
20150708 |
| Inicio de sesión |
BPMSU |
| Procesador de solicitud |
00151 |
| 956 ## - LOCAL ELECTRONIC LOCATION AND ACCESS (OCLC) |
| Nombre de host |
LOPEREZ |
| Número de acceso |
10 |
| Información de compresión |
20160407 |
| Inicio de sesión |
BPMSU |
| Procesador de solicitud |
10 |